00661nam a2200169Ia 4500001001800000003000900018008004100027040002300068041001100091100003600102245013800138250001100276260004600287300002500333490000900358501012400367230-BIL lo (4013)IT-MiSPE171229s9999||||xx |||||||||||||| ||und|| aIT-MiSPEcIT-MiSPE aLATINO aLouis Billot (Ludovicus Billot) 0a(XIII) De Ecclesiae Sacramentis: Commentarius in Tertiam Partem S. ThomaebII. De Poenitentia, Extrema Unctione, Ordine et Matrimonio a3a ed. aRomaebTyp. Pol. S.C. de Prop. Fidec1901 a453 p. [2 v.]c21 cm v 2° aEdizioni San Paolo srl - Piazza Soncino, 5 - 20092 CINISELLO BALSAMO (MI) (non commercial uses only) ® Copyright 2018